000 01247cam a22002771i 4500
003 SA-RiAUC
005 20250713061313.0
008 250713s1984 le g 0001p ara c
040 _aSA-RiAUC
_bara
_cSA-RiAUC
_erda
050 4 _bQ2 1984
082 0 4 _a811.4
_qSA-RiAUC
090 _a811.4
_bا ب و ف
100 1 _aأبو الفتح البستي، علي بن محمد بن الحسين،
_dتوفي 400 هجري
_eمؤلف.
245 1 0 _aقصيدة عنوان الحكم /
_cأبو الفتح علي بن محمد بن الحسين البستي ؛ ضبطها وعلق عليها عبد الفتاح أبو غدة.
246 3 0 _aعنوان الحكم
250 _aالطبعة الأولى.
264 1 _aبيروت ؛
_aحلب، سوريا :
_bمكتب المطبوعات الإسلامية،
_c1984
300 _a50 صفحة ؛
_c24 سم
336 _aنص
_btxt
_2rdacontent
_3كتاب
337 _aبدون وسيط
_bn
_2rdamedia
338 _aمجلد
_bnc
_2rdacarrier
650 7 _aالشعر العربي
_yالعصر العباسي
_2aucsh
700 1 _aأبو غدة، عبد الفتاح بن محمد بن بشير،
_d1917-1997
_eمعلق.
942 _2ddc
_cBOOK
_n0
949 _aSA-JeALM
_d250713
_umohamedma123
_n1
999 _c9833
_d9833